Quiz o Sabaton - Statystyki

Ogólne statystyki
  • Ten quiz został rozwiązany 492 razy
  • Średni wynik to 7 z 10
Statystyki odpowiedzi
Zagadnienie Odpowiedź % Poprawnych
Jak nazywa się frontman, wokalista oraz keyboardzista zespołu? Joakim Brodén
100%
Na początek coś prostego. Z jakiego kraju pochodzą członkowie zespołu Sabaton? Szwecja
100%
W którym roku utworzono Sabaton? 1999
78%
Która z tych parodii utworów jest czasem wykonywana przez Sabaton na koncertach? "Gay Division"
59%
Dobrze ci idzie, a czy wiesz jak nazywa się obecny perkusista Sabatonu? Hannes Van Dahl
59%
Jak nazywa się debiutancki (pierwszy) album studyjny Sabatonu? "Primo Victoria"
59%
Jakim utworem Sabaton rozpoczął koncert Woodstock Pol'and'Rock Festival? "Ghost Division"
56%
Jaki film na oficjalnym kanale Youtube Sabatonu ma najwięcej odsłon? SABATON - Bismarck
56%
W którym roku Sabaton otrzymał czołg Strv 81, który został nazwany przez nich Primo Victoria? 2017
48%
Pora na coś trudniejszego. Ile polubień na Facebooku ma fanpage włosów gitarzysty Christoffera Rörlanda? 4 519
44%
Nie znaleziono quizów pasujących do podanych kryteriów
Rozkład punktacji
Procent ludzi z każdym wynikiem
Percentyl według liczby udzielonych odpowiedzi
Twoja historia wyników
Nie rozwiązałeś tego quizu